[Event "Pan American-ch Hybrid U16 Girls 31st"]
[Site "Tornelo INT"]
[Date "2021.09.04"]
[Round "4"]
[White "Bittencourt, Alica E Decezare"]
[Black "Quispe Mamani, Nikaela Nazaret"]
[Result "0-1"]
[WhiteElo "1220"]
[BlackElo "1294"]
[PlyCount "82"]
[EventDate "2021.09.04"]
[EventType "swiss"]
[EventRounds "9"]
[EventCountry "NET"]
[SourceTitle "EXT 2023"]
[Source "ChessBase"]
[SourceDate "2022.10.05"]
[SourceVersion "1"]
[SourceVersionDate "2022.10.05"]
[SourceQuality "1"]

1. e4 c5 2. Nf3 Nc6 3. g3 g6 4. Bg2 Bg7 5. 0-0 e6 6. d3 Nge7 7. Nbd2 0-0 8. Re1 d5 9. c3 b5 10. Qe2 a5 11. Nb3 d4 12. Nxc5 dxc3 13. e5 Nd5 14. d4 Qb6 15. Qc2 Ncb4 16. Qe2 Na6 17. Nxa6 Rxa6 18. Ng5 Qxd4 19. Qxb5 Rb6 20. Be3 Qxe3 21. Rxe3 Rxb5 22. Re2 cxb2 23. Rb1 Bd7 24. Rexb2 Rfb8 25. Rxb5 Rxb5 26. Rxb5 Bxb5 27. f4 Bf8 28. Ne4 Bc6 29. Kf1 Ne3+ 30. Kf2 Nxg2 31. Kxg2 Bxe4+ 32. Kf2 Bd5 33. a4 Bb3 34. Ke2 Bxa4 35. Kd3 Bb3 36. Kc3 Bd5 37. h3 Bb4+ 38. Kb2 a4 39. g4 a3+ 40. Ka1 Bc3+ 41. Kb1 a2+ 0-1